It looks like you're offline.
Open Library logo
additional options menu

MARC record from Internet Archive

LEADER: 01855nam 2200433Ia 4500
001 1917483
005 20021015092600.0
008 020510s1784 fr 001 0 greod
035 $aocm49768157
040 $aNYP$cNYP$dBRL
041 0 $agrelat
049 $aBRLL
099 $aAdams 134.20
100 0 $aHippocrates.
240 10 $aAphorisms.$lGreek & Latin
245 10 $aHippokratous Aphorismoi = Hippocratis Aphorismi :$bHippocratis et Celsi locis parallelis illustrati, studio et curà Janssonii ab Almeloveen ... Quibus accessit Ludov. Verhoofd index locupletissimus. Loca parallela ex Boerhavii commentariis, notulas addidit, editionem curavit Anna Car. Lorry ...
246 31 $aHippocratis Aphorismi
246 30 $aAphorismi
260 $aParisiis :$bApud Theophilum Barois juniorem ...,$cMDCCLXXXIV [1784]
300 $axx, 353 p. ;$c13 cm.
500 $aHalf t.p. before t.p. and on page 1.
500 $aJohn Adams Library copy has bookplate: John Adams Library, in the Custody of the Boston Public Library.
500 $aPublisher's advertisement facing title page.
500 $aIncludes Index.
546 $aText in Greek and Latin on opposite pages.
590 $aJohn Adams Library copy transferred from the supervisors of the Temple and School Fund. Quincy, Mass., 1894.
650 0 $aMedicine.
650 0 $aAphorisms, Greek.
655 07 $aPublishers' advertisements.$2rbgenr
700 1 $aCelsus, Aldus Cornelius.
700 1 $aAlmeloveen, Theodoor Jansson ab,$d1657-1712.
700 1 $aVerhoofd, Lucas.
700 1 $aBoethaave, Hermann,$d1868-1738.
700 1 $aLorry, Anne-Charles,$d1726-1783.
700 1 $aAdams, John,$d1735-1826,$eformer owner.$5MB (BRL)
710 2 $aJohn Adams Library (Boston Public Library)$5MB (RB)
937 $aSciences$aClassics$aLiterature.
955 $aR-B
994 $a02$bBRL